| 000 | 00782nam a2200229Ii 4500 | ||
|---|---|---|---|
| 003 | JO-AjNU | ||
| 008 | 230605s9999||||xx |||||||||||||| ||und|| | ||
| 017 | _a2018/4/2082 | ||
| 020 | _a978-9957-686-61-1 | ||
| 040 |
_aJO-AjNU _bara _erda _cJO-AjNU |
||
| 041 | _aara | ||
| 050 | 1 | 4 | _aPN80 2019 |
| 100 | 3 |
_aالعجلوني، نايف خالد, _eauthor _958884 |
|
| 245 | 0 | 0 | _aفي طريق الحداثة: دراسات في النقد والأدب |
| 250 | _aط1 | ||
| 264 | 3 | 1 | _aاربد: عالم الكتب الحديث للنشر والتوزيع، 2019 |
| 300 | _a236ص | ||
| 336 |
_atext _btxt _2rdacontent |
||
| 337 |
_aunmediated _bn _2rdamedia |
||
| 338 |
_avolume _bnc _2rdacarrier |
||
| 650 | 4 |
_aالنقد الادبي الحديث- الادب العربي _958885 |
|
| 999 |
_aA26470 _c30038 _d30038 |
||